Online
Catalog
Normal view MARC view

Entry Término temático

Number of records used in: 1

001 - NÚMERO DE CONTROL

  • campo de control: 84006

003 - IDENTIFICADOR DEL NÚMERO DE CONTROL

  • campo de control: BNPHU

005 - FECHA Y HORA DE LA ÚLTIMA TRANSACCIÓN

  • campo de control: 20260520104108.0

008 - DATOS DE LONGITUD FIJA

  • campo de control de longitud fija: 230824|| aca||aabn | a|a d

010 ## - NÚMERO DE CONTROL DE LA BIBLIOTECA DEL CONGRESO

  • Número de control de LC: sh 00005791

040 ## - FUENTE DE LA CATALOGACIÓN

  • Centro catalogador/agencia de origen: DO-SdBNP
  • Lengua de catalogación: spa
  • Centro/agencia transcriptor: BNPHU
  • Normas de descripción: rda

180 ## - ENCABEZAMIENTO--SUBDIVISIÓN GENERAL

  • Subdivisión general: Relaciones exteriores

360 ## - REFERENCIA COMPLEJA DE VÉASE ADEMÁS-MATERIA

  • Texto explicativo: subdivisión
  • Encabezamiento referido a: relaciones exteriores
  • Texto explicativo: bajo nombre de países

480 0# - TRAZADO DE VÉASE--SUBDIVISIÓN GENERAL

  • Subdivisión general: Foreign relations

480 ## - TRAZADO DE VÉASE--SUBDIVISIÓN GENERAL

  • Subdivisión general: Relaciones (Diplomacia)

480 ## - TRAZADO DE VÉASE--SUBDIVISIÓN GENERAL

  • Subdivisión general: Relaciones extranjeras

580 ## - TRAZADO DE VÉASE ADEMÁS--SUBDIVISIÓN GENERAL

  • Subdivisión general: Relaciones

580 ## - TRAZADO DE VÉASE ADEMÁS--SUBDIVISIÓN GENERAL

  • Subdivisión general: Relaciones económicas internacionales

670 ## - FUENTE DE DATOS ENCONTRADOS

  • Cita de la fuente: Work cat.: (DO-SdBNP)54511: García Periche, Jean 3222, Diplomacia 4.0 :

670 ## - FUENTE DE DATOS ENCONTRADOS

  • Identificador Uniforme del Recurso: https://librunam.dgb.unam.mx:8443/F/YI1BDLSF3JAQ5RT7TCHN1GQ6LUVNR4G36TK6JVTXYKEIVNSDXL-09106?func=full-set-set&set_number=001965&set_entry=000001&format=001 Consultado en 20 de Mayo, 2026

680 ## - NOTA GENERAL PÚBLICA

  • Texto explicativo: Usar como subdivisión temática bajo países, ciudades, regiones, etc. y bajo denominaciones cristianas en particular.

681 ## - NOTA DE EJEMPLO DE TRAZADO DE MATERIA

  • Texto explicativo: Referencia bajo los encabezamientos
  • Encabezamiento de materia o término de subdivisión: Diplomacia; Relaciones internacionales

780 0# - ENTRADA DE ENLACE DE SUBDIVISIÓN--SUBDIVISIÓN GENERAL

  • Subdivisión general: Foreign relations
  • Número de control del registro de autoridad o número normalizado: sh 00005791

Powered by Koha